MARC details
| 000 -CABECERA |
| campo de control de longitud fija |
02168nam a2200373 4500 |
| 003 - IDENTIFICADOR DEL NÚMERO DE CONTROL |
| campo de control |
EC-UNACH |
| 005 - FECHA Y HORA DE LA ÚLTIMA TRANSACCIÓN |
| campo de control |
20250512161614.0 |
| 006 - CÓDIGOS DE INFORMACIÓN DE LONGITUD FIJA--CARACTERÍSTICAS DEL MATERIAL ADICIONAL |
| campo de control de longitud fija |
s||||gr|||| 00| 00 |
| 008 - DATOS DE LONGITUD FIJA--INFORMACIÓN GENERAL |
| campo de control de longitud fija |
150116t9999 mx r gr 000 0 spa d |
| 020 ## - NÚMERO INTERNACIONAL ESTÁNDAR DEL LIBRO |
| Número Internacional Estándar del Libro |
10121498 |
| 040 ## - FUENTE DE LA CATALOGACIÓN |
| Centro catalogador/agencia de origen |
EC-UNACH |
| Centro/agencia transcriptor |
EC-UNACH |
| 041 ## - CÓDIGO DE LENGUA |
| Código de lengua del texto/banda sonora o título independiente |
spa |
| 082 04 - NÚMERO DE LA CLASIFICACIÓN DECIMAL DEWEY |
| Número de edición |
23 |
| Número de clasificación |
300 |
| Número de documento/Ítem |
L017724 |
| 110 ## - ENTRADA PRINCIPAL--NOMBRE DE ENTIDAD CORPORATIVA |
| Nombre de entidad corporativa o nombre de jurisdicción como elemento de entrada |
Centro Andino de Acción Popular (CAAP) |
| 245 ## - MENCIÓN DE TÍTULO |
| Título |
Ecuador Debate N°67. Memorias de la Izquierda |
| 250 ## - MENCIÓN DE EDICIÓN |
| Mención de edición |
Primera edición |
| 264 ## - Producción, publicación, distribución, fabricación y copyright |
| Lugar de producción, publicación, distribución, fabricación |
Quito - Ecuador |
| Nombre del de productor, editor, distribuidor, fabricante |
CAAP |
| Fecha de de producción, publicación, distribución, fabricación o copyright |
2006 |
| 300 ## - DESCRIPCIÓN FÍSICA |
| Extensión |
194 páginas |
| Otras características físicas |
Cuadros, Tablas |
| Dimensiones |
14,5 X 21 cm |
| 505 ## - NOTA DE CONTENIDO CON FORMATO |
| Nota de contenido con formato |
COYUNTURA.- Gobierno y democracia entre pruebas de fuerza, debilidades extremas. Rentismo o vivir a costa de los demás. Conflictividad socio-político: noviembre 2005-febrero 2006. -- TEMA CENTRAL.- Entre la oposición y la colaboración. El Partido Socialista Ecuatoriano durante el gobierno de Galo Plaza (1948-1952). ¡Alfaro vive carajo! y la lucha por el olvido. De la "traición aprista" al "gesto heroico": Luis de la Puente Uceda y la guerrilla del MIR. Apuntes dispersos sobre la izquierda boliviana en su relación con los intelectuales y el movimiento étnico. Guerrilla rural en Chile: La Batalla del Fundo San Miguel (1968). -- DEBATE AGRARIO-RURAL.- Impactos locales de un cluster globalizado. ¿En el sendero de una potencia acui-industrial de carácter glocal?. Sostenibilidad de los usos de subsistencia de la biodiversidad en un área protegida de la Amazonia ecuatoriana: un análisis biofísico. --ANÁLISIS.- La identidad y la representación, elementos para una reflexión critica sobre la idea de región. -- RESEÑAS.- A 35 años de "relaciones interétnicas en Riobamba". |
| 650 ## - PUNTO DE ACCESO ADICIONAL DE MATERIA--TÉRMINO DE MATERIA |
| Término de materia o nombre geográfico como elemento inicial |
DEMOCRACIA |
| 650 ## - PUNTO DE ACCESO ADICIONAL DE MATERIA--TÉRMINO DE MATERIA |
| Término de materia o nombre geográfico como elemento inicial |
RENTISMO |
| 650 ## - PUNTO DE ACCESO ADICIONAL DE MATERIA--TÉRMINO DE MATERIA |
| Término de materia o nombre geográfico como elemento inicial |
CLUSTER GLOBALIZADO |
| 650 ## - PUNTO DE ACCESO ADICIONAL DE MATERIA--TÉRMINO DE MATERIA |
| Término de materia o nombre geográfico como elemento inicial |
INTERÉTNICAS RIOBAMBA |
| 650 ## - PUNTO DE ACCESO ADICIONAL DE MATERIA--TÉRMINO DE MATERIA |
| Término de materia o nombre geográfico como elemento inicial |
DEBATE AGRARIO |
| 700 ## - PUNTO DE ACCESO ADICIONAL--NOMBRE DE PERSONA |
| Nombre de persona |
Valenzuela Feijóo, José |
| 700 ## - PUNTO DE ACCESO ADICIONAL--NOMBRE DE PERSONA |
| Nombre de persona |
Ibarra, Hernán |
| 700 ## - PUNTO DE ACCESO ADICIONAL--NOMBRE DE PERSONA |
| Nombre de persona |
Rénique, José Luis |
| 700 ## - PUNTO DE ACCESO ADICIONAL--NOMBRE DE PERSONA |
| Nombre de persona |
Neira, Francisco |
| 942 ## - ELEMENTOS DE PUNTO DE ACCESO ADICIONAL (KOHA) |
| Fuente del sistema de clasificación o colocación |
Clasificación Decimal Dewey |
| Tipo de ítem Koha |
Libros |
| 999 ## - NÚMEROS DE CONTROL DE SISTEMA (KOHA) |
| Koha biblionumber |
13501 |